00649nam a2200169Ia 4500008004100000020001800041041000800059082001700067100002000084245011200104250000600216260006500222300001800287650002000305999001900325952013500344210716s2017 xx 000 0 und d a9789352134854 aeng a004.602 STAM aStauffer, Matt. aLaravel: up and running: a framework for building modern php apps.bFramework for building modern php apps. a2 aNew DelhibShroff Publishers and Distributors Pvt Ltdc2017 axxii,519/2019 aPHP Programming c197119d197119 001040708MCAaAIMITbAIMITeShroff Publishersg1650.00l0o004.602 STAMpMCA16634r2025-07-21 00:00:00v1237.50w2021-07-16yBK